000 00907nam a2200241 a 4500
003 BD-DhJNU
005 20251019074018.0
008 100608s2015 ii a b 001 0 eng d
020 _a9789332542884
040 _aBD-DhJNU
_bENG
_cBD-DhJNU
_dBD-DhJNU
082 0 0 _a621.395 WEC
_223
100 1 _aWeste, Neil H. E.
245 1 0 _aCMOS VLSI design :
_ba circuits and systems perspective /
_cNeil H.E. Weste and David Money Harris.
250 _a4th ed.
260 _aBoston ;
_aNew Delhi :
_bPearson/Addison-Wesley,
_cc2015.
300 _axxv, 838 p. :
_bill. ;
_c24 cm.
500 _aRevision of: Principles of CMOS VLSI design. 1993.
504 _aIncludes bibliographical references (p. 785-816) and index.
650 0 _aIntegrated circuits
_xVery large scale integration
_xDesign and construction.
650 0 _aMetal oxide semiconductors, Complementary.
700 1 _aHarris, David Money.
942 _cBK
999 _c2283
_d2283